000 00214nam a22000857a 4500
008 160624b xxu||||| |||| 00| 0 eng d
100 _91081
_aExpery, A.S
245 _aThe Little Prince
260 _aN.Y
_b N.B.J. Books
_c1971
999 _c867
_d867